[Event "AUTO-ADV-723"]
[Site "http://www.queenalice.com/game.php?id=309583"]
[Date "2007.11.25"]
[Round "1"]
[White "ambaradann"]
[Black "gato"]
[Result "1/2-1/2"]
[WhiteElo "1921"]
[BlackElo "1763"]

1. e4 c5 2. Nc3 e6 3. b3 Nf6 4. Bb2 d5 5. exd5 Nxd5 6. Nxd5 exd5 7. Nf3 Bg4 8.
Be2 Bxf3 9. Bxf3 Nc6 10. O-O d4 11. Qe2+ Be7 12. d3 O-O 13. g3 Bf6 14. a3 Rb8
15. Rfe1 Ne5 16. Bg2 Re8 17. Qd2 Qd6 18. Re2 Re7 19. Rae1 Rbe8 20. h3 b5 21. f4
Nc6 22. Rxe7 Rxe7 23. Rxe7 Nxe7 24. c3 dxc3 25. Bxc3 Bxc3 26. Qxc3 Nf5 27. Qe5
Qxe5 28. fxe5 Ne3 29. Bc6 b4 30. axb4 cxb4 31. Kf2 Nf5 32. g4 Nd4 33. Bd5 Kf8
34. Ke3 Nc2+ 35. Ke4 Ke7 36. Bc4 f6 37. exf6+ Kxf6 38. h4 Na3 39. Bg8 h6 40. d4
Nb5 41. d5 Nd6+ 42. Kd4 a5 43. Kc5 Ke7 44. h5 Kd7 45. Be6+ Kc7 46. Kd4 Nb5+ 47.
Kc5 Nd6 48. Bg8 Ne4+ 49. Kb5 Nd2 50. Kxa5 Nxb3+ 51. Kxb4 Nd2 52. Kc5 Ne4+ 53.
Kd4 Ng5 54. Ke5 Kd7 55. Kf5 Ke7 56. Kg6 Kf8 57. Be6 Ne4 58. Kf5 Nd6+ 59. Ke5 Ke7
60. Bf5 Nf7+ 61. Kd4 Kd6 62. Be4 Ne5 63. Bg6 Nf3+ 64. Kc4 Ne5+ 65. Kd4 Nxg4 66.
Bf7 Nf6 67. Bg6 Nd7 68. Be4 Nf6 69. Bf3 Ne8 70. Be4 Nc7 71. Bf3 Nb5+ 72. Kc4 Nc7
73. Kd4 Na6 74. Ke4 Nb4 75. Kf5 Nxd5 76. Bxd5 Kxd5 77. Kg6 Ke6 78. Kxg7 Ke7 79.
Kxh6 Kf6 1/2-1/2

[Event "AUTO-ADV-723"]
[Site "http://www.queenalice.com/game.php?id=309596"]
[Date "2007.11.25"]
[Round "1"]
[White "braseiko"]
[Black "ambaradann"]
[Result "0-1"]
[WhiteElo "1731"]
[BlackElo "1889"]

1. e4 e5 2. Nf3 Nf6 3. Nxe5 d6 4. Nf3 Nxe4 5. d4 d5 6. Bd3 Bg4 7. O-O Bd6 8. h3
Bh5 9. Nbd2 f5 10. c4 c6 11. cxd5 cxd5 12. Qa4+ Nc6 13. Ne5 Bxe5 14. dxe5 Nxd2
15. Bxd2 O-O 16. Qf4 Bg6 17. Rfe1 Qe7 0-1

[Event "AUTO-ADV-723"]
[Site "http://www.queenalice.com/game.php?id=309597"]
[Date "2007.11.25"]
[Round "1"]
[White "ambaradann"]
[Black "braseiko"]
[Result "1-0"]
[WhiteElo "1879"]
[BlackElo "1741"]

1. e4 e5 2. f4 d5 3. exd5 Qxd5 4. Nc3 Qe6 5. fxe5 Qxe5+ 6. Qe2 Bd6 7. Nf3 Qxe2+
8. Bxe2 Nf6 9. O-O O-O 10. d4 h6 11. Nb5 Rd8 12. Nxd6 cxd6 13. b3 Nc6 14. a3 Bg4
15. Be3 Re8 16. Bxh6 Rxe2 17. Bf4 Rae8 18. Bxd6 1-0

[Event "AUTO-ADV-723"]
[Site "http://www.queenalice.com/game.php?id=309604"]
[Date "2007.11.25"]
[Round "1"]
[White "tewald"]
[Black "ambaradann"]
[Result "1/2-1/2"]
[WhiteElo "1817"]
[BlackElo "1907"]

1. e4 e5 2. d3 Nf6 3. f4 Nc6 4. c3 d5 5. Qe2 Bd6 6. f5 O-O 7. Bg5 Be7 8. Nd2
dxe4 9. dxe4 Ne8 10. Bxe7 Qxe7 11. Ngf3 Nf6 12. O-O-O b6 13. h3 a5 14. g4 a4 15.
Nc4 b5 16. Na3 Ba6 17. Qe3 b4 18. cxb4 Nxb4 19. Kb1 Rad8 20. Bxa6 Nxa6 21. Rhg1
Nd7 22. Rd2 f6 23. h4 Qc5 24. Re1 Nb6 25. Rxd8 Rxd8 26. Qe2 Nb4 27. Rc1 Qd6 28.
Nc4 Nxc4 29. Qxc4+ Kf8 30. Qxc7 Qd3+ 31. Ka1 Re8 32. Qc5+ Kf7 33. g5 Nxa2 34.
Kxa2 Qxf3 35. Qd5+ Kf8 36. Rc7 Qb3+ 37. Qxb3 axb3+ 38. Kxb3 fxg5 39. hxg5 Kg8
40. Kc4 h5 41. Rd7 h4 42. g6 Kf8 43. b4 Rc8+ 44. Kd5 Rb8 45. Rf7+ Kg8 46. Rc7
Kf8 47. Kxe5 Rxb4 48. Rc1 h3 49. Rh1 Rb3 50. Kf4 Ke7 51. e5 Rb4+ 52. Kg5 Rb3 53.
Kg4 Rb5 54. Rxh3 Rxe5 55. Rf3 Kf6 56. Rf4 Rb5 57. Rf3 1/2-1/2

[Event "AUTO-ADV-723"]
[Site "http://www.queenalice.com/game.php?id=309605"]
[Date "2007.11.25"]
[Round "1"]
[White "ambaradann"]
[Black "tewald"]
[Result "1-0"]
[WhiteElo "1899"]
[BlackElo "1742"]

1. e4 e6 2. d4 d5 3. Nc3 Nf6 4. Bg5 Be7 5. exd5 Nxd5 6. Bxe7 Qxe7 7. Nxd5 exd5+
8. Qe2 Qxe2+ 9. Bxe2 O-O 10. O-O-O c6 11. Nf3 Re8 12. Rhe1 Be6 13. Bd3 Nd7 14.
Ng5 g6 15. Nxe6 Rxe6 16. Re3 Rxe3 17. fxe3 f5 18. Rg1 Re8 19. Kd2 c5 20. Re1 a6
21. c4 cxd4 22. exd4 Rxe1 23. Kxe1 dxc4 24. Bxc4+ Kg7 25. Kf2 b5 26. Be6 Nb6 27.
Ke3 Kf6 28. Bb3 a5 29. a3 a4 30. Bg8 h5 31. h4 g5 32. hxg5+ Kxg5 33. Kf3 Nd7 34.
Bf7 Nf6 35. d5 h4 36. d6 Nd7 37. Be8 Ne5+ 38. Ke2 Kf6 39. Bxb5 1-0

[Event "AUTO-OPEN-849"]
[Site "http://www.queenalice.com/game.php?id=340611"]
[Date "2008.1.22"]
[Round "2"]
[White "ambaradann"]
[Black "silverhawks"]
[Result "0-1"]
[WhiteElo "1932"]
[BlackElo "2067"]

1. e4 e5 2. f4 exf4 3. Nf3 d6 4. d4 Nf6 5. Nc3 Be7 6. Bxf4 O-O 7. Bd3 c5 8. O-O
Bg4 9. dxc5 Nc6 10. cxd6 Bxd6 11. Bxd6 Qxd6 12. Be2 Qc5+ 13. Kh1 Rfe8 14. Nd2
Be6 15. Nb5 Red8 16. Qc1 Ne5 17. Nc3 Neg4 18. Qe1 Ne3 19. Rxf6 gxf6 20. Nb3 Qg5
21. Bf3 Nxc2 22. Qc1 Nxa1 23. Qxa1 Bxb3 24. axb3 h5 25. Nd5 Kg7 26. h3 a6 27.
Qe1 h4 28. Ne7 Rd7 29. Nf5+ Kf8 30. Bg4 Rad8 31. Nxh4 Rd2 32. Kh2 Qf4+ 33. Qg3
Qxg3+ 34. Kxg3 R8d3+ 35. Kf4 Rxb3 36. Bf3 a5 37. Nf5 a4 38. Ne3 Rdxb2 39. Nc4
Rc2 40. Ne3 Rc1 41. e5 fxe5+ 42. Ke4 a3 43. Ng4 a2 44. Nxe5 a1=Q 45. h4 Re1+ 46.
Kf4 Qxe5+ 47. Kg4 Rb4+ 48. Kh3 Rh1# 0-1

[Event "AUTO-OPEN-849"]
[Site "http://www.queenalice.com/game.php?id=340612"]
[Date "2008.1.22"]
[Round "2"]
[White "silverhawks"]
[Black "ambaradann"]
[Result "0-1"]
[WhiteElo "2033"]
[BlackElo "1930"]

1. d4 d5 2. c4 c6 3. Nc3 e6 4. e3 Bd6 5. c5 Bc7 6. Nf3 Nd7 7. Bd3 b5 8. O-O a5
9. e4 Ndf6 10. Bg5 h6 11. Bh4 g5 12. Bg3 Bxg3 13. hxg3 b4 14. Ne2 dxe4 15. Bxe4
Nxe4 16. Ne5 Bb7 17. f3 Nef6 18. Qa4 Ne7 19. Rfd1 Nd7 20. Nc4 O-O 21. Qc2 Nd5
22. Kf2 Kg7 23. Ne5 Nxe5 24. dxe5 f6 25. exf6+ Qxf6 26. Qd3 Ba6 27. Qd2 Bxe2 28.
Qxe2 Rfd8 29. Kg1 a4 30. f4 gxf4 31. Qg4+ Qg6 32. Qxg6+ Kxg6 33. gxf4 Nxf4 34.
Rxd8 Rxd8 35. g3 Ne2+ 36. Kf2 Nd4 37. Rd1 e5 38. Rc1 Ne6 39. Ke3 Kf5 40. Rc4 Rd4
41. Rc1 a3 42. b3 Kg4 43. Rh1 h5 44. Rh2 Ng5 45. Rh4+ Kxg3 46. Rxh5 Kg4 47. Rh6
Rd1 48. Rxc6 Ra1 49. Rb6 Rxa2 50. Rxb4+ Kf5 51. Ra4 Ke6 52. b4 Ra1 53. c6 a2 54.
Kd2 e4 55. b5 Kd6 56. Ra7 Ne6 57. Ra4 Rh1 58. Ke3 a1=Q 59. Rxa1 Rxa1 60. Kxe4
Rb1 61. b6 Kxc6 62. Ke5 Rxb6 63. Kxe6 Rb1 64. Ke5 Rd1 65. Ke4 Rd5 66. Ke3 Kc5
67. Ke4 Kc4 68. Ke3 Rd4 69. Ke2 Rd3 70. Kf2 Kd4 71. Ke2 Ke4 72. Kf2 Ra3 73. Ke2
Ra2+ 74. Kd1 Ke3 75. Kc1 Kd3 76. Kb1 Rh2 77. Kc1 Rg2 78. Kb1 Kc3 79. Ka1 Kb3 80.
Kb1 Rg1# 0-1

[Event "AUTO-OPEN-849"]
[Site "http://www.queenalice.com/game.php?id=340613"]
[Date "2008.1.22"]
[Round "2"]
[White "ambaradann"]
[Black "thw"]
[Result "1-0"]
[WhiteElo "1920"]
[BlackElo "1831"]

1. e4 e6 2. Nf3 d5 3. exd5 exd5 4. d4 Nf6 5. Bd3 Bd6 6. O-O O-O 7. Bg5 h6 8. Bh4
c6 9. Bg3 Bxg3 10. fxg3 Bg4 11. Nc3 Re8 12. Re1 Rxe1+ 13. Qxe1 Nbd7 14. Qf2 Bxf3
15. gxf3 Qb6 16. b3 Qb4 17. Qd2 Re8 18. a4 Kh8 19. Bf1 Nf8 20. Nb1 Qd6 21. c3
Qe6 22. Qf2 Ng6 23. Nd2 Qe3 24. Qxe3 Rxe3 25. Rc1 Ne7 26. Kf2 Re6 27. Re1 Rxe1
28. Kxe1 Nf5 29. Ke2 g5 30. Bh3 Nd6 31. g4 Kg7 32. Ke3 a6 33. Bf1 b5 34. axb5
axb5 35. c4 bxc4 36. bxc4 Kg6 37. c5 Nc8 38. Ba6 Ne7 39. Nb3 h5 40. h3 hxg4 41.
hxg4 Nh7 42. Bb7 f5 43. Na5 fxg4 44. fxg4 Nf6 45. Kf3 1-0

[Event "AUTO-OPEN-849"]
[Site "http://www.queenalice.com/game.php?id=340614"]
[Date "2008.1.22"]
[Round "2"]
[White "thw"]
[Black "ambaradann"]
[Result "0-1"]
[WhiteElo "1825"]
[BlackElo "1911"]

1. e4 e5 2. Nf3 Nf6 3. Nxe5 d6 4. Nf3 Nxe4 5. Bc4 Be6 6. Bxe6 fxe6 7. d3 Nf6 8.
Nc3 Nc6 9. O-O Qd7 10. Be3 e5 11. h3 Be7 12. Qd2 O-O 13. a3 a6 14. Ne2 Rad8 15.
Ng3 d5 16. Rfe1 Qc8 17. Re2 e4 18. Nh2 exd3 19. Qxd3 Ne5 20. Qd2 Nc4 21. Qc3
Nxe3 22. Qxe3 Bd6 23. Rae1 b6 24. Nf5 Qxf5 0-1

[Event "AUTO-OPEN-885"]
[Site "http://www.queenalice.com/game.php?id=360399"]
[Date "2008.2.25"]
[Round "2"]
[White "ambaradann"]
[Black "Tamise"]
[Result "0-1"]
[WhiteElo "1915"]
[BlackElo "2077"]

1. e4 c5 2. Nc3 g6 3. b3 Bg7 4. Bb2 Nc6 5. Nf3 d6 6. Be2 e5 7. O-O Nge7 8. a3
O-O 9. Qc1 h6 10. Bd1 Be6 11. Ne2 f5 12. exf5 Nxf5 13. c3 g5 14. Bc2 g4 15. Ne1
h5 16. g3 h4 17. Ng2 h3 18. Ne3 Nxe3 19. fxe3 Rf3 20. Qd1 d5 21. Nc1 e4 22. Rxf3
gxf3 23. Kf2 Ne5 24. d3 Ng4+ 25. Kg1 f2+ 26. Kh1 Nxe3 0-1

[Event "AUTO-OPEN-885"]
[Site "http://www.queenalice.com/game.php?id=360400"]
[Date "2008.2.25"]
[Round "2"]
[White "Tamise"]
[Black "ambaradann"]
[Result "0-1"]
[WhiteElo "2072"]
[BlackElo "1888"]

1. c4 b6 2. Nc3 Bb7 3. e4 e5 4. g3 Nf6 5. Bg2 d6 6. Nge2 g6 7. O-O Bg7 8. d3 O-O
9. h3 c6 10. f4 exf4 11. Nxf4 Nbd7 12. Be3 Re8 13. Qd2 Nf8 14. Rae1 Ne6 15. d4
Ng5 16. Nxg6 Ngxe4 17. Nxe4 Nxe4 18. Bxe4 fxg6 19. Bg5 Qd7 20. Kh2 Bc8 21. Bg2
Rxe1 22. Rxe1 Bf8 23. Qe3 Bb7 24. h4 Qf7 25. b3 Rb8 26. Rf1 Qe8 27. Qf2 c5 28.
d5 Bc8 29. Bf6 Rb7 30. Re1 Qf7 31. Re6 Be7 32. Bh3 Bxf6 0-1

[Event "AUTO-ADV-723"]
[Site "http://www.queenalice.com/game.php?id=370808"]
[Date "2008.3.14"]
[Round "2"]
[White "Indefinable"]
[Black "ambaradann"]
[Result "1-0"]
[WhiteElo "1898"]
[BlackElo "1935"]

1. e4 e5 2. Nf3 Nf6 3. Nc3 Nc6 4. d4 exd4 5. Nxd4 Nxd4 6. Qxd4 d6 7. Bc4 a6 8.
Bg5 c5 9. Qd3 Be7 10. O-O O-O 11. Rad1 b5 12. Bd5 Nxd5 13. Qxd5 Be6 14. Bxe7
Qxe7 15. Qxd6 Qxd6 16. Rxd6 a5 17. Nxb5 Bc4 18. Nc7 Rac8 19. Nd5 Rb8 20. b3 Bxf1
21. Kxf1 c4 22. f4 cxb3 23. axb3 Rfd8 24. Rc6 Kf8 25. Ke2 Rbc8 26. Rxc8 Rxc8 27.
Kd3 f6 28. c4 Rb8 29. Kc3 Kf7 30. c5 Re8 31. Kd4 Rb8 32. Nb6 Ke7 33. Kc4 Kd8 34.
Kb5 Kc7 35. Kxa5 Re8 36. Kb5 Rxe4 37. b4 Re2 38. Nd5+ Kc8 39. Kb6 Rxg2 40. c6
Rc2 41. b5 Re2 42. Kc5 Rxh2 43. b6 Rc2+ 44. Kd6 Rxc6+ 45. Kxc6 h5 46. b7+ Kb8
47. Nb6 1-0

[Event "AUTO-ADV-723"]
[Site "http://www.queenalice.com/game.php?id=370809"]
[Date "2008.3.14"]
[Round "2"]
[White "ambaradann"]
[Black "Indefinable"]
[Result "0-1"]
[WhiteElo "1905"]
[BlackElo "1878"]

1. e4 e5 2. f4 d5 3. exd5 e4 4. Nc3 f5 5. d3 Nf6 6. dxe4 fxe4 7. Bb5+ Bd7 8.
Bxd7+ Nbxd7 9. Qe2 Bb4 10. Bd2 O-O 11. O-O-O Nb6 12. Nxe4 Bxd2+ 13. Rxd2 Nfxd5
14. c4 Nxf4 15. Qg4 Nd3+ 16. Kb1 Rf1+ 17. Kc2 Rc1+ 18. Kb3 Nc5+ 19. Nxc5 Qxd2
20. h4 Qc2+ 21. Kb4 Qxb2+ 22. Nb3 Rxc4+ 23. Qxc4+ Nxc4 24. Kxc4 Qxa2 25. Ne2
Qxe2+ 0-1

[Event "AUTO-OPEN-849"]
[Site "http://www.queenalice.com/game.php?id=385934"]
[Date "2008.4.11"]
[Round "3"]
[White "janosik"]
[Black "ambaradann"]
[Result "0-1"]
[WhiteElo "1929"]
[BlackElo "1917"]

1. e4 e5 2. d4 exd4 3. Nf3 Bb4+ 4. c3 dxc3 5. bxc3 Be7 6. Bc4 Nc6 7. Qd5 Nh6 8.
Bxh6 O-O 9. Bxg7 Kxg7 10. O-O Bf6 11. e5 Be7 12. Nbd2 d6 13. exd6 Bxd6 14. Rfe1
Be6 15. Rxe6 fxe6 16. Qxe6 Qf6 17. Qg4+ Kh8 18. Ne4 Qg7 19. Qh3 Ne5 20. Nxe5
Bxe5 21. Rd1 Rad8 22. Re1 Rfe8 23. Bd3 Rg8 24. Ng5 Rxd3 0-1

[Event "AUTO-OPEN-849"]
[Site "http://www.queenalice.com/game.php?id=385935"]
[Date "2008.4.11"]
[Round "3"]
[White "ambaradann"]
[Black "janosik"]
[Result "0-1"]
[WhiteElo "1902"]
[BlackElo "1913"]

1. e4 d5 2. exd5 Qxd5 3. Nc3 Qa5 4. d4 Nf6 5. Bd2 c6 6. Nf3 Bf5 7. Ne4 Qc7 8.
Nxf6+ gxf6 9. Be2 Nd7 10. O-O O-O-O 11. c4 e6 12. Bc3 Kb8 13. Nh4 Bg6 14. Nxg6
hxg6 15. Qc2 Qxh2# 0-1

[Event "AUTO-OPEN-849"]
[Site "http://www.queenalice.com/game.php?id=385938"]
[Date "2008.4.11"]
[Round "3"]
[White "ambaradann"]
[Black "silverhawks"]
[Result "0-1"]
[WhiteElo "1933"]
[BlackElo "2101"]

1. e4 d5 2. exd5 Qxd5 3. Nc3 Qe6+ 4. Qe2 Qxe2+ 5. Ngxe2 Bf5 6. d3 Nc6 7. Be3 Nf6
8. O-O-O e5 9. Ng3 Be6 10. Nce4 Nd5 11. Bc5 O-O-O 12. Bxf8 Rhxf8 13. Ng5 h6 14.
Nxe6 fxe6 15. Ne4 g6 16. f3 Nd4 17. c3 Nc6 18. Nc5 Rf6 19. Rd2 Kb8 20. Be2 Ne3
21. g3 Rd5 22. Ne4 Rf7 23. Nf2 Rf8 24. Nd1 Nf5 25. Re1 h5 26. Bf1 h4 27. g4 Nd6
28. Bg2 Ra5 29. a3 Ra4 30. Nf2 Na5 31. Kc2 Nc6 32. Ne4 Nxe4 33. fxe4 Rf4 34. h3
g5 35. Rf1 Rxf1 36. Bxf1 Nd8 37. Rf2 Kc8 38. Rf6 Kd7 39. Be2 Ke7 40. Rf3 c5 41.
Kd2 Nf7 42. Bd1 Ra6 43. Bb3 Rb6 44. Kc2 Nh8 45. Ba2 Ng6 46. b4 cxb4 47. axb4 Nf4
48. Kb3 a5 49. Kc4 axb4 50. cxb4 Rc6+ 51. Kb5 Ne2 52. Bc4 Nd4+ 0-1

[Event "AUTO-OPEN-849"]
[Site "http://www.queenalice.com/game.php?id=385939"]
[Date "2008.4.11"]
[Round "3"]
[White "silverhawks"]
[Black "ambaradann"]
[Result "1-0"]
[WhiteElo "2088"]
[BlackElo "1922"]

1. b4 d5 2. d4 Nf6 3. Nc3 Nc6 4. b5 Na5 5. e3 Nc4 6. Nf3 Bg4 7. Be2 e6 8. O-O
Bd6 9. Bxc4 dxc4 10. h3 Bh5 11. Rb1 O-O 12. e4 e5 13. dxe5 Bxf3 14. Qxf3 Bxe5
15. Rd1 Qe7 16. Nd5 Nxd5 17. exd5 Qf6 18. Qxf6 Bxf6 19. Rb4 c3 20. Rc4 Rac8 21.
Bf4 Rfe8 22. Bxc7 Re7 23. d6 Rd7 24. Re4 h6 25. g4 b6 26. Rde1 Kf8 27. Kg2 Bd8
28. Re8# 1-0

[Event "AUTO-OPEN-885"]
[Site "http://www.queenalice.com/game.php?id=398572"]
[Date "2008.5.6"]
[Round "3"]
[White "TheBigSid"]
[Black "ambaradann"]
[Result "1-0"]
[WhiteElo "2076"]
[BlackElo "1927"]

1. d4 d5 2. c4 c6 3. Nc3 Nf6 4. Bg5 Be6 5. cxd5 Nxd5 6. e4 Nxc3 7. bxc3 g6 8.
Nf3 Bg7 9. Be2 O-O 10. O-O f6 11. Be3 Bf7 12. a4 Nd7 13. Rb1 b6 14. Qd2 Qc7 15.
Ne1 Rad8 16. Nd3 e5 17. Rfd1 exd4 18. cxd4 Rfe8 19. f3 Nf8 20. Nb4 Qc8 21. Rbc1
Ne6 22. Nxc6 Qb7 23. Nxd8 Rxd8 24. d5 Nc7 25. Qc2 Ne8 26. Qc6 Qxc6 27. Rxc6 Nd6
28. Bf4 Nb7 29. Rc7 Nc5 30. Rxa7 f5 31. Bc7 Rc8 32. Bxb6 fxe4 33. Bxc5 Rxc5 34.
fxe4 Rc2 35. Bf3 Rc4 36. a5 Bd4+ 37. Kh1 Bxa7 38. e5 Kf8 39. e6 Be8 40. d6 Rd4
41. Rxd4 Bxd4 42. d7 Bxd7 43. exd7 Ke7 44. Bc6 Kd8 45. g4 h5 46. h3 hxg4 47.
hxg4 g5 48. Kg2 Bf6 49. Kf3 Kc7 50. Bb5 Bd8 51. Ke4 Kb7 52. Kf5 Ka7 53. Ke6 Kb7
54. Kf7 Kc7 55. a6 Kb6 56. Ke8 Bf6 57. d8=Q+ Bxd8 58. Kxd8 Kxb5 59. a7 1-0

[Event "AUTO-OPEN-885"]
[Site "http://www.queenalice.com/game.php?id=398573"]
[Date "2008.5.6"]
[Round "3"]
[White "ambaradann"]
[Black "TheBigSid"]
[Result "0-1"]
[WhiteElo "1913"]
[BlackElo "2027"]

1. e4 e6 2. d4 d5 3. Nc3 Nf6 4. Bg5 Bb4 5. e5 h6 6. Bd2 Bxc3 7. Bxc3 Ne4 8. Bb4
a5 9. Ba3 Nd7 10. f3 Ng5 11. Bd3 c6 12. f4 Nh7 13. Bxh7 Rxh7 14. Qd3 Rh8 15. Bd6
Nb6 16. b3 a4 17. Ne2 axb3 18. cxb3 Bd7 19. O-O Nc8 20. Bb4 b6 21. Ng3 Ne7 22.
f5 exf5 23. Bxe7 Qxe7 24. Nxf5 Bxf5 25. Qxf5 Qe6 26. a4 Ke7 27. Rac1 Rac8 28.
Qd3 Rhf8 29. Rc2 f6 30. exf6+ Kf7 31. fxg7+ Kxg7 32. Qg3+ Kh7 33. Rxf8 Rxf8 34.
h3 Rf7 35. Rf2 Qe1+ 36. Kh2 Qxf2 37. Qd3+ Qf5 38. Qe2 Qf4+ 39. Kg1 Qxd4+ 40. Kh2
Qf4+ 41. Kg1 Qe4 42. Qa6 Re7 43. Qc8 Qe3+ 44. Kh1 Qf4 45. g3 Qf1+ 0-1

[Event "AUTO-OPEN-885"]
[Site "http://www.queenalice.com/game.php?id=398576"]
[Date "2008.5.6"]
[Round "3"]
[White "ambaradann"]
[Black "Tamise"]
[Result "1-0"]
[WhiteElo "1907"]
[BlackElo "1996"]

1. e4 c5 2. Nf3 d6 3. Nc3 a6 4. b3 g6 5. Bb2 Bg7 6. Rb1 Nc6 7. Nd5 Bxb2 8. Rxb2
e6 9. Nc3 Nge7 10. Be2 O-O 11. O-O f5 12. exf5 Nxf5 13. Rb1 b5 14. Qc1 b4 15.
Nd1 Ncd4 16. Re1 1-0

[Event "AUTO-OPEN-885"]
[Site "http://www.queenalice.com/game.php?id=398577"]
[Date "2008.5.6"]
[Round "3"]
[White "Tamise"]
[Black "ambaradann"]
[Result "0-1"]
[WhiteElo "2017"]
[BlackElo "1886"]

1. Nf3 Nf6 2. c4 d6 3. g3 b6 4. Bg2 Bb7 5. O-O g6 6. b3 Bg7 7. Bb2 Nh5 8. Bxg7
Nxg7 9. d4 O-O 10. Nc3 Nd7 11. Qd2 Nf6 12. Rfe1 c6 13. e4 e6 14. Rad1 Qc7 15. e5
Nfe8 0-1